James : (Record no. 8956)

MARC details
000 -LEADER
fixed length control field 01075cam a2200325Ii 4500
001 - CONTROL NUMBER
control field 927647
003 - CONTROL NUMBER IDENTIFIER
control field OCoLC
005 - DATE AND TIME OF LATEST TRANSACTION
control field 20241126110702.0
008 - FIXED-LENGTH DATA ELEMENTS--GENERAL INFORMATION
fixed length control field 740624s1954 ilu 000 0 eng d
020 ## - INTERNATIONAL STANDARD BOOK NUMBER
International Standard Book Number 0802420591
020 ## - INTERNATIONAL STANDARD BOOK NUMBER
International Standard Book Number 9780802420596
035 ## - SYSTEM CONTROL NUMBER
System control number (OCoLC)927647
Canceled/invalid control number (OCoLC)948797047
040 ## - CATALOGING SOURCE
Original cataloging agency BSC
Language of cataloging eng
Transcribing agency BSC
Modifying agency OCL
-- FYB
-- CIRBC
-- OCLCQ
-- OCLCO
-- OCLCF
-- RCT
-- YDXCP
-- FVY
-- CIRBC
050 #4 -
-- BS2785.3
-- .L8
082 ## - DEWEY DECIMAL CLASSIFICATION NUMBER
Classification number 227.9107
Item number LUC
092 0# - LOCALLY ASSIGNED DEWEY CALL NUMBER (OCLC)
Classification number 227.9107
Item number E936
092 ## - LOCALLY ASSIGNED DEWEY CALL NUMBER (OCLC)
Classification number 227.91
Item number L941j
100 1# - MAIN ENTRY--PERSONAL NAME
Personal name Luck, G. Coleman.
9 (RLIN) 15670
245 10 - TITLE STATEMENT
Title James :
Remainder of title faith in action /
Statement of responsibility, etc. by G. Coleman Luck.
260 ## - PUBLICATION, DISTRIBUTION, ETC.
Place of publication, distribution, etc. Chicago :
Name of publisher, distributor, etc. Moody Press,
Date of publication, distribution, etc. ℗♭1954.
300 ## - PHYSICAL DESCRIPTION
Extent 124 pages ;
Dimensions 19 cm.
336 ## - CONTENT TYPE
Content type term text
Content type code txt
Source rdacontent
337 ## - MEDIA TYPE
Media type term unmediated
Media type code n
Source rdamedia
338 ## - CARRIER TYPE
Carrier type term volume
Carrier type code nc
Source rdacarrier
490 1# - SERIES STATEMENT
Series statement Everyman's Bible commentary
520 ## - SUMMARY, ETC.
Summary, etc. Emphasis on living the Christian life through the study of the book of James.
630 00 - SUBJECT ADDED ENTRY--UNIFORM TITLE
Uniform title Bible.
Name of part/section of a work James
General subdivision Study and teaching.
9 (RLIN) 15671
830 #0 -
-- Everyman's Bible commentary.
-- 3064
942 ## - ADDED ENTRY ELEMENTS (KOHA)
Source of classification or shelving scheme Dewey Decimal Classification
Koha item type Books
Koha issues (borrowed), all copies 6
Holdings
Withdrawn status Lost status Source of classification or shelving scheme Damaged status Not for loan Home library Current Library Shelving location Date acquired Total checkouts Total renewals Full call number Barcode Date last seen Date last checked out Copy number Price effective from Koha item type
    Dewey Decimal Classification     GRACE BIBLE COLLEGE GRACE BIBLE COLLEGE Biblical Studies 2022-02-04 9 1 227.9107 LUC 005178 2025-08-29 2025-08-22 c.1 2022-02-04 Books
© Grace Bible College Library 2025